[Event "Kimry 56 Rtng winter"]
[Site "Kimry"]
[Date "2011.01.21"]
[Round "2.6"]
[White "Kobozeva, Viktoria"]
[Black "Osetrov, Vladislav"]
[Result "0-1"]
[WhiteElo "1658"]
[BlackElo "1778"]
[PlyCount "118"]
[EventDate "2011.01.21"]
[EventType "swiss"]
[EventRounds "8"]
[EventCountry "RUS"]
[SourceTitle "EXT 2022"]
[Source "ChessBase"]
[SourceDate "2021.10.06"]
[SourceVersion "1"]
[SourceVersionDate "2021.10.06"]
[SourceQuality "1"]

1. e4 c5 2. Nf3 e6 3. d4 cxd4 4. Nxd4 Nf6 5. Nc3 d6 6. f3 a6 7. Be3 Be7 8. Qd2 b5 9. g4 Bb7 10. h4 Nfd7 11. g5 Qc7 12. Bg2 Ne5 13. Bf2 Nc4 14. Qc1 Nd7 15. Bg3 Rc8 16. Nce2 Qa5+ 17. c3 Nce5 18. Qd2 Nc4 19. Qc1 b4 20. Nb3 Qa4 21. 0-0 bxc3 22. Nxc3 Qc6 23. Nd4 Qb6 24. Bf2 Qxb2 25. Qxb2 Nxb2 26. Rab1 Rxc3 27. Rxb2 Ba8 28. Rfb1 0-0 29. Bf1 d5 30. Bxa6 dxe4 31. f4 Ba3 32. Rc2 Rxc2 33. Nxc2 Bc5 34. Ne3 Nb6 35. Nc4 Bxf2+ 36. Kxf2 Nxc4 37. Bxc4 Bd5 38. Bxd5 exd5 39. Ke3 f5 40. Kd4 Ra8 41. Rb2 Ra5 42. Kc3 Ra3+ 43. Kd4 Rd3+ 44. Ke5 e3 45. Ke6 g6 46. Kf6 h5 47. Kxg6 Kf8 48. Kxf5 Rd2 49. Rb3 e2 50. Re3 Rxa2 51. Ke5 Ra8 52. Kxd5 Re8 53. Rxe2 Rxe2 54. f5 Kf7 55. Kd4 Rh2 56. Ke5 Rxh4 57. f6 Rh1 58. Kf4 Rf1+ 59. Ke5 h4 0-1

[Event "Kimry op Jan"]
[Site "Kimry"]
[Date "2011.01.04"]
[Round "4"]
[White "Kudrin, Vladimir1111"]
[Black "Osetrov, Vladislav"]
[Result "0-1"]
[WhiteElo "1970"]
[BlackElo "1778"]
[PlyCount "80"]
[EventDate "2011.01.02"]
[EventType "swiss"]
[EventRounds "9"]
[EventCountry "RUS"]
[SourceTitle "CBM 140 Extra"]
[Source "ChessBase"]
[SourceDate "2011.03.01"]
[SourceVersion "1"]
[SourceVersionDate "2011.03.01"]
[SourceQuality "1"]

1. Nf3 d5 2. d4 e6 3. a3 Nf6 4. Bg5 Be7 5. e3 0-0 6. Bd3 Nbd7 7. 0-0 b6 8. Nbd2 Bb7 9. b3 Rc8 10. Qe2 c5 11. c4 dxc4 12. bxc4 h6 13. Bh4 Nh7 14. Bg3 Ng5 15. Ne1 Bf6 16. Nc2 Nb8 17. f4 Nh7 18. Nb3 cxd4 19. exd4 Nc6 20. Bf2 Re8 21. Rad1 Nf8 22. Be3 Ne7 23. g4 Bh4 24. f5 exf5 25. gxf5 b5 26. Nc5 bxc4 27. Bxc4 Ba8 28. Bxf7+ Kxf7 29. Qh5+ Kg8 30. Qxh4 Qd5 31. Qh3 Nxf5 32. Kf2 Nxe3 33. Nxe3 Qa2+ 34. Kg1 Rxe3 35. Qg4 Re2 36. Rf3 Rxh2 37. Rdf1 Bxf3 38. Qxf3 Rh4 39. Rd1 Qh2+ 40. Kf1 Rf4 0-1

[Event "Kimry op Jan"]
[Site "Kimry"]
[Date "2011.01.04"]
[Round "5"]
[White "Osetrov, Vladislav"]
[Black "Rudenok, Tatiana"]
[Result "0-1"]
[WhiteElo "1778"]
[BlackElo "1982"]
[PlyCount "32"]
[EventDate "2011.01.02"]
[EventType "swiss"]
[EventRounds "9"]
[EventCountry "RUS"]
[SourceTitle "CBM 140 Extra"]
[Source "ChessBase"]
[SourceDate "2011.03.01"]
[SourceVersion "1"]
[SourceVersionDate "2011.03.01"]
[SourceQuality "1"]

1. e4 c5 2. Nf3 d6 3. d4 cxd4 4. Nxd4 Nf6 5. Bd3 g6 6. Be3 Bg7 7. Nd2 0-0 8. f4 Ng4 9. Qf3 Nxe3 10. Qxe3 Qb6 11. N2f3 e5 12. fxe5 dxe5 13. Nf5 gxf5 14. Qxb6 axb6 15. exf5 e4 16. Bxe4 Re8 0-1

[Event "Kimry op Jan"]
[Site "Kimry"]
[Date "2011.01.03"]
[Round "3"]
[White "Osetrov, Vladislav"]
[Black "Andreev, Ivan"]
[Result "1-0"]
[WhiteElo "1778"]
[BlackElo "1802"]
[PlyCount "101"]
[EventDate "2011.01.02"]
[EventType "swiss"]
[EventRounds "9"]
[EventCountry "RUS"]
[SourceTitle "CBM 140 Extra"]
[Source "ChessBase"]
[SourceDate "2011.03.01"]
[SourceVersion "1"]
[SourceVersionDate "2011.03.01"]
[SourceQuality "1"]

1. e4 d6 2. Nf3 g6 3. d4 Nf6 4. Bd3 Bg7 5. 0-0 0-0 6. c4 Bg4 7. h3 Bxf3 8. Qxf3 Nc6 9. d5 Nd4 10. Qe3 e5 11. Nd2 Nd7 12. Kh1 Nc5 13. b4 Nxd3 14. Qxd3 c6 15. Bb2 cxd5 16. cxd5 Qb6 17. a3 Rfc8 18. Rac1 Bh6 19. Bxd4 Qxd4 20. Qxd4 exd4 21. Rxc8+ Rxc8 22. Rd1 Rc3 23. Nf3 d3 24. Kg1 Rc1 25. Rxc1 Bxc1 26. Kf1 Bxa3 27. b5 Bb4 28. e5 a5 29. bxa6 bxa6 30. exd6 Bxd6 31. Ke1 Bb4+ 32. Kd1 Kf8 33. Ne5 d2 34. Nd3 Ba5 35. Nc5 Ke7 36. d6+ Ke8 37. Nxa6 Kd7 38. Nc5+ Kc6 39. Ne4 f5 40. Nxd2 Bxd2 41. Kxd2 Kxd6 42. Ke3 Ke5 43. Kf3 Kd4 44. Kf4 h6 45. h4 Kd5 46. h5 gxh5 47. Kxf5 h4 48. Kg4 Ke4 49. f3+ Ke5 50. Kxh4 Kf4 51. Kh5 1-0

[Event "Kimry op Jan"]
[Site "Kimry"]
[Date "2011.01.02"]
[Round "1"]
[White "Osetrov, Vladislav"]
[Black "Torlopov, Nikita"]
[Result "0-1"]
[WhiteElo "1778"]
[BlackElo "2125"]
[PlyCount "76"]
[EventDate "2011.01.02"]
[EventType "swiss"]
[EventRounds "9"]
[EventCountry "RUS"]
[SourceTitle "CBM 140 Extra"]
[Source "ChessBase"]
[SourceDate "2011.03.01"]
[SourceVersion "1"]
[SourceVersionDate "2011.03.01"]
[SourceQuality "1"]

1. e4 e6 2. d4 d5 3. Nd2 c5 4. c3 Nc6 5. Ne2 Nf6 6. e5 Nd7 7. Nf3 Qa5 8. Bf4 g6 9. Qd2 h6 10. h4 cxd4 11. Nexd4 Bg7 12. Nxc6 bxc6 13. b4 Qb6 14. a4 Ba6 15. Be3 Qb7 16. Bxa6 Qxa6 17. Bd4 0-0 18. h5 g5 19. Nxg5 hxg5 20. Qxg5 Kh7 21. Rh3 c5 22. bxc5 Rab8 23. Qe3 Bh6 24. Qd3+ Qxd3 25. Rxd3 Rfc8 26. Rf3 Kg8 27. c6 Rxc6 28. Bxa7 Ra8 29. Bd4 Rca6 30. g4 Bg5 31. Kf1 Rxa4 32. Rxa4 Rxa4 33. Kg2 Ra2 34. Rh3 Re2 35. Kf1 Rc2 36. Be3 Bxe3 37. Rxe3 Nc5 38. f3 Na4 0-1

[Event "Kimry Autumn"]
[Site "Kimry"]
[Date "2010.08.30"]
[Round "3"]
[White "Osetrov, Vladislav"]
[Black "Zhuravlev, Leonid"]
[Result "1-0"]
[WhiteElo "1761"]
[BlackElo "1761"]
[PlyCount "63"]
[EventDate "2010.08.29"]
[EventType "swiss"]
[EventRounds "7"]
[EventCountry "RUS"]
[SourceTitle "EXT 2022"]
[Source "ChessBase"]
[SourceDate "2021.10.06"]
[SourceVersion "1"]
[SourceVersionDate "2021.10.06"]
[SourceQuality "1"]

1. e4 e5 2. Nf3 Nc6 3. Bb5 Nf6 4. 0-0 Bc5 5. c3 a6 6. Ba4 b5 7. Bb3 d6 8. d4 Ba7 9. Re1 Bg4 10. Bd5 Nxd5 11. exd5 Ne7 12. Bg5 h6 13. Bxe7 Qxe7 14. dxe5 dxe5 15. Nbd2 0-0 16. h3 Bh5 17. Qb3 Rfe8 18. Re2 Rad8 19. Rae1 Rd6 20. Rxe5 Qd7 21. Rxe8+ Kh7 22. R1e7 Qf5 23. Re5 Qg6 24. Qb4 Bxf3 25. Nxf3 Qb1+ 26. Re1 Qxa2 27. Qe4+ Rg6 28. Nh4 Qa5 29. Nxg6 fxg6 30. Re6 Kg8 31. Qxg6 Kh8 32. Re8# 1-0

[Event "Kimry Autumn"]
[Site "Kimry"]
[Date "2010.08.29"]
[Round "2"]
[White "Osetrov, Vladislav"]
[Black "Makhnev, Yuri"]
[Result "0-1"]
[WhiteElo "1761"]
[BlackElo "1893"]
[PlyCount "136"]
[EventDate "2010.08.29"]
[EventType "swiss"]
[EventRounds "7"]
[EventCountry "RUS"]
[SourceTitle "EXT 2022"]
[Source "ChessBase"]
[SourceDate "2021.10.06"]
[SourceVersion "1"]
[SourceVersionDate "2021.10.06"]
[SourceQuality "1"]

1. e4 e6 2. d4 d5 3. Nc3 c5 4. dxc5 d4 5. Nb5 Bxc5 6. Bf4 Na6 7. Nf3 f6 8. e5 Qa5+ 9. Bd2 Qb6 10. Bd3 Ne7 11. 0-0 Ng6 12. exf6 gxf6 13. Nh4 Kf7 14. Qh5 Bd7 15. Bxg6+ Ke7 16. Bxh7 Be8 17. Qg4 Rxh7 18. Na3 Bf7 19. Nf3 Rg8 20. Qe4 Bg6 21. Qe2 Bf5 22. Bf4 Qc6 23. Qb5 Rhg7 24. Bg3 Bxa3 25. Qxc6 bxc6 26. bxa3 Bxc2 27. Nxd4 Be4 28. Rfe1 Bd5 29. Rac1 Kd7 30. Nb3 f5 31. f4 Rb8 32. Rc3 Kd6 33. Rd1 Rgb7 34. Bf2 Ke7 35. Nc5 Nxc5 36. Bxc5+ Kf7 37. Bb4 Rg8 38. Rd2 Ke8 39. g3 Rbg7 40. Rb2 Rb7 41. Rd2 Rbg7 42. Kf2 Rh8 43. Kg1 Rhg8 44. Rc5 Rb7 45. Rcc2 Kd7 46. Kf2 Kc8 47. Rxd5 exd5 48. Rxc6+ Rc7 49. Rc5 Rxc5 50. Bxc5 a6 51. h3 Kd7 52. g4 fxg4 53. hxg4 Rxg4 54. Kf3 Rg8 55. Ke3 Ke6 56. Kd3 Rg2 57. Kd4 Rd2+ 58. Kc3 Rxa2 59. Kd4 Rd2+ 60. Ke3 Rc2 61. Bb4 Rc4 62. Kf3 Kf5 63. Bd6 Rc3+ 64. Ke2 Ke4 65. Kd2 Rh3 66. Kc2 d4 67. Kd2 Kd5 68. Bb4 Rf3 0-1

[Event "Kimry op 51st"]
[Site "Kimry"]
[Date "2010.04.19"]
[Round "6"]
[White "Bik Mukhamedov, Mikhail"]
[Black "Osetrov, Vladislav"]
[Result "0-1"]
[WhiteElo "1894"]
[BlackElo "1771"]
[PlyCount "42"]
[EventDate "2010.04.17"]
[EventType "swiss"]
[EventRounds "8"]
[EventCountry "RUS"]
[SourceTitle "CBM 136 Extra"]
[Source "ChessBase"]
[SourceDate "2010.07.02"]
[SourceVersion "2"]
[SourceVersionDate "2010.07.15"]
[SourceQuality "1"]

1. e4 d5 2. exd5 Nf6 3. d4 Nxd5 4. Bc4 Nc6 5. Ne2 Bg4 6. f3 Bf5 7. Bxd5 Qxd5 8. Nbc3 Qd6 9. Bf4 Qg6 10. 0-0 0-0-0 11. Nb5 e5 12. Bg3 Bxc2 13. Qc1 a6 14. Nxc7 Kxc7 15. dxe5 Bc5+ 16. Kh1 Kb6 17. Qf4 Qf5 18. Qc4 Qd3 19. Qxf7 Qxe2 20. Rae1 Rd1 21. e6 Qxf1+ 0-1

[Event "Kimry-ch"]
[Site "Kimry"]
[Date "2010.01.06"]
[Round "8"]
[White "Kudrin, Vladimir1111"]
[Black "Osetrov, Vladislav"]
[Result "1-0"]
[WhiteElo "1929"]
[BlackElo "1740"]
[PlyCount "60"]
[EventDate "2010.01.02"]
[EventType "swiss"]
[EventRounds "9"]
[EventCountry "RUS"]
[SourceTitle "CBM 134 Extra"]
[Source "ChessBase"]
[SourceDate "2010.03.03"]
[SourceVersion "1"]
[SourceVersionDate "2010.03.03"]
[SourceQuality "1"]

1. Nf3 Nc6 2. c4 g6 3. Nc3 Bg7 4. d4 d6 5. h3 Nf6 6. e4 0-0 7. Be3 Re8 8. Rc1 e5 9. d5 Ne7 10. Bd3 Nh5 11. Qd2 Rf8 12. g4 Nf6 13. Nh4 Nd7 14. Ng2 Nb6 15. b4 Bd7 16. c5 Nbc8 17. a4 a6 18. Bh6 c6 19. Bxg7 Kxg7 20. Qg5 h6 21. Qh4 cxd5 22. exd5 dxc5 23. bxc5 Qa5 24. 0-0 Qxc5 25. Ne3 Qd4 26. Bb1 Bxa4 27. d6 g5 28. Qg3 Nc6 29. Nf5+ Kh8 30. Nxd4 Nxd4 1-0

[Event "Kimry-ch"]
[Site "Kimry"]
[Date "2010.01.05"]
[Round "7"]
[White "Krasnikov, Alexandr"]
[Black "Osetrov, Vladislav"]
[Result "1/2-1/2"]
[WhiteElo "1953"]
[BlackElo "1740"]
[PlyCount "73"]
[EventDate "2010.01.02"]
[EventType "swiss"]
[EventRounds "9"]
[EventCountry "RUS"]
[SourceTitle "CBM 134 Extra"]
[Source "ChessBase"]
[SourceDate "2010.03.03"]
[SourceVersion "1"]
[SourceVersionDate "2010.03.03"]
[SourceQuality "1"]

1. e4 e5 2. Nf3 Nc6 3. d4 exd4 4. Nxd4 Bc5 5. Be3 Bb6 6. Nf5 Bxe3 7. Nxe3 Nf6 8. Nc3 d6 9. Bb5 Bd7 10. 0-0 0-0 11. Ned5 a6 12. Ba4 Re8 13. Qf3 Nxd5 14. exd5 Ne5 15. Qf4 Bxa4 16. Qxa4 Qd7 17. Qxd7 Nxd7 18. Rfe1 Nb6 19. b3 Kf8 20. f4 g6 21. Kf2 Rxe1 22. Rxe1 Re8 23. Rxe8+ Kxe8 24. Ke3 Ke7 25. Kd4 f5 26. Ne2 Nd7 27. c4 Nf6 28. Kd3 Ng4 29. h3 Nf6 30. Nd4 Nh5 31. Ke3 Ng7 32. Kf3 Kf7 33. b4 Ke7 34. g4 Kd7 35. Kg3 c5 36. bxc5 dxc5 37. Nf3 1/2-1/2

[Event "Kimry-ch"]
[Site "Kimry"]
[Date "2010.01.02"]
[Round "1"]
[White "Osetrov, Vladislav"]
[Black "Torlopov, Nikita"]
[Result "0-1"]
[WhiteElo "1740"]
[BlackElo "2020"]
[PlyCount "82"]
[EventDate "2010.01.02"]
[EventType "swiss"]
[EventRounds "9"]
[EventCountry "RUS"]
[SourceTitle "CBM 134 Extra"]
[Source "ChessBase"]
[SourceDate "2010.03.03"]
[SourceVersion "1"]
[SourceVersionDate "2010.03.03"]
[SourceQuality "1"]

1. c4 Nf6 2. Nc3 c6 3. g3 d5 4. cxd5 cxd5 5. d4 Nc6 6. Nf3 Bg4 7. Bg2 e6 8. a3 Bd6 9. 0-0 0-0 10. Qd3 Bf5 11. Qb5 Qe7 12. Bg5 Rab8 13. Rfe1 a6 14. Qa4 h6 15. Bxf6 Qxf6 16. e3 Rfc8 17. Rac1 Qd8 18. b4 b5 19. Qb3 a5 20. Na2 axb4 21. Nxb4 Nxb4 22. axb4 Rc4 23. Rxc4 bxc4 24. Qa2 Bxb4 25. Rc1 Qb6 26. Ne5 Rd8 27. Qb2 Ba5 28. Qxb6 Bxb6 29. Nc6 Rd7 30. e4 Bxe4 31. Bxe4 dxe4 32. Rxc4 Rc7 33. Ne5 Rxc4 34. Nxc4 Bxd4 35. Ne3 Bxe3 36. fxe3 Kf8 37. Kg2 Ke7 38. h4 Kd6 39. g4 f5 40. Kg3 g5 41. hxg5 hxg5 0-1

[Event "Kimry op Nov"]
[Site "Kimry"]
[Date "2009.11.21"]
[Round "1"]
[White "Efimov, Andrey"]
[Black "Osetrov, Vladislav"]
[Result "1-0"]
[WhiteElo "2142"]
[BlackElo "1746"]
[PlyCount "41"]
[EventDate "2009.11.21"]
[EventType "swiss"]
[EventRounds "8"]
[EventCountry "RUS"]
[SourceTitle "EXT 2011"]
[Source "ChessBase"]
[SourceDate "2010.11.26"]
[SourceVersion "1"]
[SourceVersionDate "2010.11.26"]
[SourceQuality "1"]

1. d4 d5 2. Nf3 Bg4 3. Ne5 Bf5 4. Bf4 e6 5. e3 Nf6 6. Bd3 Bg6 7. 0-0 Bd6 8. Nc3 a6 9. Bg5 Nbd7 10. f4 h6 11. Nxg6 fxg6 12. Bxg6+ Ke7 13. Bh4 Nf8 14. Bd3 g5 15. fxg5 hxg5 16. Bxg5 Bxh2+ 17. Kf2 Qd6 18. Bxf6+ Kxf6 19. Qg4 Nh7 20. Ke2+ Ke7 21. Qg7+ 1-0

[Event "Kimry Summer op 45th"]
[Site "Kimry"]
[Date "2009.06.11"]
[Round "1"]
[White "Pitelin, Igor"]
[Black "Osetrov, Vladislav"]
[Result "1-0"]
[WhiteElo "2139"]
[BlackElo "1752"]
[PlyCount "67"]
[EventDate "2009.06.11"]
[EventType "swiss"]
[EventRounds "8"]
[EventCountry "RUS"]
[SourceTitle "EXT 2022"]
[Source "ChessBase"]
[SourceDate "2021.10.06"]
[SourceVersion "1"]
[SourceVersionDate "2021.10.06"]
[SourceQuality "1"]

1. e4 e5 2. Nc3 Nc6 3. f4 d6 4. Nf3 Nf6 5. Bc4 Bg4 6. h3 Bxf3 7. Qxf3 Nd4 8. Qd1 Nxe4 9. 0-0 Nxc3 10. dxc3 Ne6 11. Bxe6 fxe6 12. fxe5 dxe5 13. Qh5+ g6 14. Qxe5 Bc5+ 15. Qxc5 Qd6 16. Qb5+ Qc6 17. Qxc6+ bxc6 18. Be3 Rb8 19. b3 a5 20. a4 Rd8 21. Rad1 Rxd1 22. Rxd1 Rf8 23. Rf1 Rxf1+ 24. Kxf1 Kd7 25. Ke2 Ke8 26. Kd3 Kd7 27. Ke4 Ke7 28. Ke5 Kd7 29. Bc5 Ke8 30. Kxe6 Kd8 31. g4 h5 32. g5 h4 33. Kf6 Ke8 34. Kxg6 1-0

[Event "RUS-chB U14"]
[Site "Dagomys"]
[Date "2009.04.19"]
[Round "5"]
[White "Osetrov, Vladislav"]
[Black "Kobylsky, Evgeny"]
[Result "1-0"]
[WhiteElo "1735"]
[BlackElo "2036"]
[PlyCount "101"]
[EventDate "2009.04.15"]
[EventType "swiss"]
[EventRounds "9"]
[EventCountry "RUS"]
[SourceTitle "EXT 2012"]
[Source "ChessBase"]
[SourceDate "2011.11.24"]
[SourceVersion "1"]
[SourceVersionDate "2011.11.24"]
[SourceQuality "1"]

1. b4 e5 2. Bb2 d6 3. c4 Nf6 4. e3 Be6 5. Nf3 Be7 6. d4 exd4 7. Nxd4 Bd7 8. b5 a6 9. a4 0-0 10. Bd3 d5 11. 0-0 dxc4 12. Bxc4 axb5 13. axb5 Rxa1 14. Bxa1 c6 15. Qf3 cxb5 16. Nxb5 Nc6 17. N1a3 Na5 18. Ba2 Bc6 19. Qe2 Qa8 20. Nc2 b6 21. f3 Bb7 22. Ncd4 Ba6 23. Qb2 Qb8 24. Nf5 Bd8 25. Rc1 Nb7 26. Rc6 Bxb5 27. Qxb5 Qa8 28. Qb2 Qa5 29. Qb1 Nc5 30. Nd6 Qd2 31. Nc4 Qd7 32. Rd6 Qc7 33. Be5 Qa7 34. Rc6 Ncd7 35. Bd4 Qb7 36. Qb5 Qa8 37. Bb3 Qb7 38. Nd6 Qa7 39. Qc4 Qa5 40. Bc3 Qh5 41. Rc8 b5 42. Qxf7+ Qxf7 43. Bxf7+ Kh8 44. Be6 Be7 45. Bxd7 Nxd7 46. Rc7 Bxd6 47. Rxd7 Bc5 48. Bxg7+ Kg8 49. Bxf8 Bxe3+ 50. Kf1 Kxf8 51. Ke2 1-0